Normal view MARC view
  • Supervisor: Dr. Shafiq ur Rehman

Entry Personal Name

Number of records used in: 2

001 - CONTROL NUMBER

  • control field: 127320

003 - CONTROL NUMBER IDENTIFIER

  • control field: NUST

005 - DATE AND TIME OF LATEST TRANSACTION

  • control field: 20250101110213.0

008 - FIXED-LENGTH DATA ELEMENTS

  • fixed length control field: 250101|| aca||aabn | a|a d

040 ## - CATALOGING SOURCE

  • Original cataloging agency: NUST
  • Transcribing agency: NUST

100 ## - HEADING--PERSONAL NAME

  • Personal name: Supervisor: Dr. Shafiq ur Rehman

670 ## - SOURCE DATA FOUND

  • Source citation: Work cat.: (NUST)535406: Saleem, Joham 29953, EXERGY ANALYSIS OF SOLAR DESALINATION SYSTEM UNDER HYDROSTATICALLY CREATED VACUUM /, 2016.
© 2023 Central Library, National University of Sciences and Technology. All Rights Reserved.